[Event "Florianopolis op 9th"]
[Site "Florianopolis"]
[Date "2023.01.24"]
[Round "2"]
[White "Predebon, Eduardo Angonesi"]
[Black "Oliveira, Tiago Batista"]
[Result "0-1"]
[WhiteElo "1740"]
[BlackElo "2047"]
[PlyCount "30"]
[EventDate "2023.01.23"]
[EventType "swiss"]
[EventRounds "10"]
[EventCountry "BRA"]
[SourceTitle "CBM 212 Extra"]
[Source "ChessBase"]
[SourceDate "2023.03.31"]
[SourceVersion "1"]
[SourceVersionDate "2023.03.31"]
[SourceQuality "1"]

1. e4 c5 2. Nf3 Nc6 3. d4 cxd4 4. Nxd4 Nf6 5. Nc3 d6 6. Be3 Ng4 7. Nxc6 bxc6 8. Bc1 Qb6 9. Qf3 g6 10. Bc4 Ne5 11. Qe2 Nxc4 12. Qxc4 Bg7 13. 0-0 Be6 14. Na4 Bxc4 15. Nxb6 axb6 0-1

[Event "Pan American-ch U2000"]
[Site "Timbo"]
[Date "2021.12.05"]
[Round "9"]
[White "Predebon, Eduardo Angonesi"]
[Black "Andreata, Mauro Antonio"]
[Result "1-0"]
[WhiteElo "1752"]
[BlackElo "1652"]
[PlyCount "51"]
[EventDate "2021.12.01"]
[EventType "swiss"]
[EventRounds "9"]
[EventCountry "BRA"]
[SourceTitle "CBM 205 Extra"]
[Source "ChessBase"]
[SourceDate "2022.01.31"]
[SourceVersion "1"]
[SourceVersionDate "2022.01.31"]
[SourceQuality "1"]

1. e4 c5 2. Nf3 d6 3. d4 cxd4 4. Nxd4 Nf6 5. Nc3 a6 6. Bg5 e6 7. f4 Be7 8. Qf3 Qb6 9. 0-0-0 Nc6 10. Nb3 Bd7 11. a4 Rc8 12. Bd3 Nb4 13. Rhe1 h6 14. Bh4 Nxd3+ 15. Qxd3 Qc7 16. e5 dxe5 17. fxe5 Ng8 18. Bxe7 Kxe7 19. Ne4 Bxa4 20. Nd6 Rf8 21. Nxb7 Bc6 22. N3c5 Rb8 23. Qa3 Ke8 24. Nd6+ Kf8 25. Nxa6 Qe7 26. Nxb8 1-0

[Event "Florianopolis op 7th"]
[Site "Florianopolis"]
[Date "2021.01.20"]
[Round "4"]
[White "Predebon, Eduardo Angonesi"]
[Black "Ramazzotte, Esther Zilli"]
[Result "1-0"]
[WhiteElo "1753"]
[BlackElo "1155"]
[PlyCount "51"]
[EventDate "2021.01.18"]
[EventType "swiss"]
[EventRounds "10"]
[EventCountry "BRA"]
[SourceTitle "CBM 200 Extra"]
[Source "ChessBase"]
[SourceDate "2021.03.31"]
[SourceVersion "1"]
[SourceVersionDate "2021.03.31"]
[SourceQuality "1"]

1. e4 c6 2. d4 d5 3. Nd2 dxe4 4. Nxe4 Nf6 5. Ng5 h6 6. N5f3 Bg4 7. h3 Bh5 8. Bc4 e6 9. Qe2 Nbd7 10. Bf4 Be7 11. 0-0-0 b5 12. Bd3 a5 13. g4 Bg6 14. Bxg6 fxg6 15. Qxe6 Rc8 16. Ne5 Nxe5 17. dxe5 Nd5 18. Qxg6+ Kf8 19. e6 Qe8 20. Qf5+ Nf6 21. Be5 a4 22. Nf3 c5 23. Nh4 Kg8 24. Ng6 Rh7 25. Rd7 Bd8 26. Rf7 1-0

[Event "Florianopolis op 6th"]
[Site "Florianopolis"]
[Date "2020.01.23"]
[Round "6"]
[White "Predebon, Eduardo Angonesi"]
[Black "Pereira, Geanfrancesco"]
[Result "1/2-1/2"]
[WhiteElo "1756"]
[BlackElo "2078"]
[PlyCount "80"]
[EventDate "2020.01.20"]
[EventType "swiss"]
[EventRounds "10"]
[EventCountry "BRA"]
[SourceTitle "CBM 194 Extra"]
[Source "ChessBase"]
[SourceDate "2020.03.31"]
[SourceVersion "1"]
[SourceVersionDate "2020.03.31"]
[SourceQuality "1"]

1. e4 c5 2. Nf3 Nc6 3. d4 cxd4 4. Nxd4 g6 5. Be3 Nf6 6. Nc3 Bg7 7. f3 Qa5 8. Qd2 0-0 9. Bc4 Qb4 10. Bb3 Nxe4 11. Nxe4 Qxd2+ 12. Nxd2 Nxd4 13. 0-0-0 Nxb3+ 14. Nxb3 d6 15. Rhe1 h6 16. Nd4 Bd7 17. h4 Rfd8 18. Bf2 e5 19. Ne2 Bc6 20. Nc3 d5 21. a3 d4 22. Ne4 f5 23. Nd2 Rac8 24. Kb1 Ba4 25. b3 Be8 26. Nc4 Rd5 27. Nb2 Rdc5 28. Rd2 Rc3 29. Nd3 e4 30. fxe4 Bc6 31. exf5 gxf5 32. Nf4 Be4 33. Nd3 Bxd3 34. Rxd3 Rxd3 35. cxd3 Rc3 36. Rd1 Rxb3+ 37. Ka2 Rc3 38. Kb2 Kf7 39. g3 h5 40. Be1 Rc6 1/2-1/2

[Event "Porto Alegre Regional Sul"]
[Site "Porto Alegre"]
[Date "2019.12.14"]
[Round "2"]
[White "Predebon, Eduardo Angonesi"]
[Black "Fonseca, Luis Ernesto Serra"]
[Result "0-1"]
[WhiteElo "1790"]
[BlackElo "1958"]
[PlyCount "40"]
[EventDate "2019.12.13"]
[EventType "swiss"]
[EventRounds "5"]
[EventCountry "BRA"]
[SourceTitle "EXT 2021"]
[Source "ChessBase"]
[SourceDate "2020.10.23"]
[SourceVersion "1"]
[SourceVersionDate "2020.10.23"]
[SourceQuality "1"]

1. e4 e5 2. Nf3 Nc6 3. Bc4 Bc5 4. c3 Nf6 5. d3 d6 6. 0-0 0-0 7. Bb3 Bg4 8. Nbd2 d5 9. Bc2 dxe4 10. dxe4 Qe7 11. Qe2 Nh5 12. Nb3 Bb6 13. h3 Ng3 14. Qe1 Bxf3 15. gxf3 Qh4 16. Kg2 Nxf1 17. Qxf1 Rad8 18. Be3 Rd6 19. Nc5 Rg6+ 20. Kh2 Bxc5 0-1

[Event "Porto Alegre Regional Sul"]
[Site "Porto Alegre"]
[Date "2019.12.14"]
[Round "3"]
[White "Predebon, Eduardo Angonesi"]
[Black "Oliveira, Danyel Angelo Aquin"]
[Result "0-1"]
[WhiteElo "1790"]
[BlackElo "1959"]
[PlyCount "120"]
[EventDate "2019.12.13"]
[EventType "swiss"]
[EventRounds "5"]
[EventCountry "BRA"]
[SourceTitle "EXT 2021"]
[Source "ChessBase"]
[SourceDate "2020.10.23"]
[SourceVersion "1"]
[SourceVersionDate "2020.10.23"]
[SourceQuality "1"]

1. e4 d5 2. exd5 Qxd5 3. Nc3 Qa5 4. d4 Nf6 5. Bc4 Bf5 6. Nge2 c6 7. Bd2 Nbd7 8. 0-0 e6 9. d5 Qc5 10. dxc6 Qxc4 11. cxd7+ Nxd7 12. Re1 Be7 13. Ng3 Bg6 14. Nce4 h5 15. Nc3 h4 16. Nge4 Bh5 17. f3 Rd8 18. Bg5 Nb6 19. Qe2 Bxg5 20. Nxg5 Qc5+ 21. Qe3 Qxe3+ 22. Rxe3 Bg6 23. Nge4 Nd5 24. Re2 Nxc3 25. Nxc3 Ke7 26. Rae1 Rd4 27. Ne4 Rc8 28. c3 Rd5 29. Nd2 Rcd8 30. Nb3 Bd3 31. Re3 g5 32. Nd4 Bg6 33. Re5 Kf6 34. R5e3 e5 35. Nb3 b5 36. Na5 Rc8 37. b4 Ke6 38. Nb3 f6 39. Nd4+ Kf7 40. Nb3 Bf5 41. Nc5 Rd2 42. R1e2 Rcd8 43. Kf2 R8d5 44. Rxd2 Rxd2+ 45. Re2 Rd8 46. Ke3 Bc8 47. a4 a6 48. axb5 axb5 49. Ra2 Rd6 50. Ra7+ Kg6 51. Rc7 Bf5 52. Rb7 Rd1 53. Rxb5 Re1+ 54. Kf2 Rc1 55. Na4 Rc2+ 56. Kg1 Rc1+ 57. Kf2 Rc2+ 58. Kg1 h3 59. g4 Rg2+ 60. Kh1 Bd3 0-1

[Event "BRA-ch Regional Sul"]
[Site "Lages"]
[Date "2019.10.18"]
[Round "2"]
[White "Ibanez, Jorge Dias Llivi"]
[Black "Predebon, Eduardo Angonesi"]
[Result "1/2-1/2"]
[WhiteElo "1552"]
[BlackElo "1790"]
[PlyCount "95"]
[EventDate "2019.10.18"]
[EventType "swiss"]
[EventRounds "5"]
[EventCountry "BRA"]
[SourceTitle "CBM 195 Extra"]
[Source "ChessBase"]
[SourceDate "2020.05.31"]
[SourceVersion "1"]
[SourceVersionDate "2020.05.31"]
[SourceQuality "1"]

1. d4 Nf6 2. Nc3 d5 3. Nf3 e6 4. Bg5 Be7 5. e3 0-0 6. Bd3 c5 7. 0-0 Nc6 8. Re1 cxd4 9. exd4 Bd7 10. Ne2 Rc8 11. c3 Re8 12. Ng3 a6 13. Bc2 Qc7 14. Qd3 Nb4 15. Qd2 Nxc2 16. Qxc2 b5 17. Qd2 a5 18. a3 Bc6 19. Bxf6 Bxf6 20. Ne5 g6 21. Ng4 Bg7 22. Qg5 Qe7 23. Qxe7 Rxe7 24. Ne5 f6 25. Nxc6 Rxc6 26. Rad1 b4 27. axb4 axb4 28. Re3 bxc3 29. Rxc3 Rec7 30. Ne2 Kf7 31. f4 Ke7 32. Kf2 Kd6 33. Rdc1 e5 34. g3 e4 35. h4 f5 36. Ke3 Bf6 37. Rxc6+ Rxc6 38. Rxc6+ Kxc6 39. Nc3 Be7 40. Na2 Kb5 41. b3 Bb4 42. Ke2 Ba5 43. Kd1 Bb6 44. Nc3+ Kc6 45. Ne2 Ba5 46. Kc2 Kb5 47. Kb2 Bb4 48. Kc2 1/2-1/2

[Event "Concordia op 5th"]
[Site "Concordia"]
[Date "2019.05.02"]
[Round "4"]
[White "Calcada, Lucas Galvan"]
[Black "Predebon, Eduardo Angonesi"]
[Result "0-1"]
[WhiteElo "1354"]
[BlackElo "1804"]
[PlyCount "94"]
[EventDate "2019.05.01"]
[EventType "swiss"]
[EventRounds "9"]
[EventCountry "BRA"]
[SourceTitle "CBM 190 Extra"]
[Source "ChessBase"]
[SourceDate "2019.07.15"]
[SourceVersion "1"]
[SourceVersionDate "2019.07.15"]
[SourceQuality "1"]

1. Nf3 Nf6 2. g3 g6 3. Bg2 Bg7 4. 0-0 d6 5. d4 0-0 6. Re1 Nbd7 7. e4 c5 8. Nc3 cxd4 9. Nxd4 a6 10. Bg5 Qa5 11. Bxf6 Nxf6 12. Nb3 Qc7 13. Qd2 Bd7 14. a4 Rac8 15. Rac1 Rfd8 16. Qe3 Ng4 17. Qd3 Bxc3 18. bxc3 Qxc3 19. Qxc3 Rxc3 20. h3 Ne5 21. a5 Rdc8 22. Re2 Rxb3 23. cxb3 Rxc1+ 24. Kh2 Bc6 25. f4 Nd3 26. Re3 Rc2 27. Kh1 Nc5 28. b4 Nd7 29. Bf3 e5 30. f5 gxf5 31. exf5 Bxf3+ 32. Rxf3 d5 33. Rd3 d4 34. Rd1 Kg7 35. g4 Nb8 36. h4 Nc6 37. Rb1 d3 38. g5 d2 39. f6+ Kg6 40. h5+ Kxh5 41. g6 hxg6 42. Rd1 Rc1 43. Rxc1 dxc1Q+ 44. Kg2 Kg4 45. b5 Qd2+ 46. Kf1 Kf3 47. bxc6 Qd1# 0-1